Statistiques concernant Religion chrétienne : Jésus Christ

Cliquez ici pour prendre le quiz!

Statistiques générales

  • Ce quiz a été pris 1 214 fois
  • Le résultat moyen est 8 sur 22

Statistiques - réponses

QuestionsRéponses% Correct
Mère de Jésus Christ.La sainte Vierge Marie
100%
Père adoptif de Jésus Christ.Saint Joseph
90%
Ville où naquit Jésus Christ.Bethleem
79%
Ville où Jésus-Christ fit une entrée triomphale à dos d'âne (comme le rappelle le poème "L'Âne" de G.K. Chesterton), entrée célébrée par les Chrétiens lors du Dimanche des Rameaux.Jérusalem
71%
Ville dans laquelle Jésus Christ a grandi après le retour d'exil de Sa sainte famille, jusqu'à Son ministère public.Nazareth
67%
Personne/Hypostase du Dieu unique qui a conçu Jésus Christ.Le Saint Esprit
50%
Pays vers lequel Jésus Christ a fui avec Sa sainte famille peu après Sa naissance.L'Égypte
44%
Ville d'Amérique du Sud au-dessus de laquelle a été érigée une immense statue du Christ en tant qu'Il a racheté le genre humain par Sa mort : la statue du Christ Rédempteur.Rio de Janeiro
42%
Lettres grecques par lesquelles Jésus Christ Se qualifie et qui symbolisent Son éternité.L'Alpha
35%
Lettres grecques par lesquelles Jésus Christ Se qualifie et qui symbolisent Son éternité.L'Oméga
35%
Roi qui informé de la naissance de Jésus Christ envoya tuer tous les enfants de moins de deux ans qui se trouvaient dans la ville précédente (réponse #4), d'où la fuite vers le pays précédent (réponse #5).Hérode Ier
33%
Colline sur laquelle Jésus Christ a été crucifié.Le Golgotha
25%
Sainte française qui demanda au "Gentil Dauphin" futur roi Charles VII de lui donner le royaume de France, qu’elle remit ensuite à Jésus Christ, ce Dernier le remettant ensuite, Lui-même, au "Gentil Dauphin".Sainte Jeanne d'Arc
24%
Groupe religieux et politique de Juifs fervents que Jésus Christ traitait de "race de vipères" et accusait d'hypocrisie, condamnant leur tendance à afficher une certaine dévotion religieuse uniquement dans le but de s'attirer les louanges d'autrui. Ils disaient des choses et faisaient le contraire.Les Pharisiens
23%
Libérateur d'Israël et instaurateur du règne de l'Éternel, prophétisé par l'Ancien Testament. Jésus Christ est ce Libérateur.Le Messie
20%
Épouse du Christ.L'Église
19%
Vicaire du Christ.Le Pape
15%
Acteur américain catholique d'origine irlandaise qui réalisa "La Passion du Christ" sorti en 2004, film qui a fait grand bruit à l'époque.Mel Gibson
13%
Symbole de l'amour divin de Jésus Christ, qui apparaît notamment sur le drapeau de l'Armée catholique et royale de Vendée pendant les Guerres de Vendée aux temps de la Révolution.Le Sacré-Cœur de Jésus
9%
Moine néerlandais (né dans l'actuelle Allemagne) médiéval (XVe siècle) à qui est généralement attribué la paternité de l'œuvre de piété, "L'Imitation de Jésus Christ".Thomas a Kempis
4%
Peintre belge (ostendais) auteur du tableau "L'Entrée du Christ à Bruxelles" (en 1888) et sur lequel on peut lire en très petits caractères : "Vive Jésus, Roi de Bruxelles".James Ensor
3%
Nom sous lequel l'histoire a retenu le geste précédent.La Triple donation
3%

Distribution des résultats

Percentile par nombre de réponses

% des personnes avec chaque résultat

Votre développement - résultats

Vous n’avez pas pris ce quiz